Biblioteca y Centro de Documentación

L´homme face à la maladie. (Registro nro. 45042)

Detalles MARC
000 -CABECERA
Longitud fija campo de control 00926naa a2200265 4500
001 - NÚMERO DE CONTROL
Número de control 45042
003 - IDENTIFICADOR DE NÚMERO DE CONTROL
Identificador del número de control ES-MaCES
005 - FECHA Y HORA DE LA ÚLTIMA TRANSACCIÓN
Fecha y hora de la última transacción 20140905085529.0
008 - CAMPO FIJO DE DESCRIPCIÓN FIJA--INFORMACIÓN GENERAL
Códigos de información de longitud fija   000000s2014 fr ||||| t||||||| ||fre d
040 ## - FUENTE DE CATALOGACIÓN
Centro catalogador de origen ES-MaCES
Lengua de catalogación spa
Centro transcriptor ES-MaCES
100 1# - ENCABEZAMIENTO PRINCIPAL--NOMBRE PERSONAL
9 (RLIN) 35166
Nombre de persona Khayat, André
245 12 - MENCIÓN DE TÍTULO
Título L´homme face à la maladie.
Resto del título Une réflexion autour de la relation patient-médecin
Mención de responsabilidad, etc. Par André Khayat
500 ## - NOTA GENERAL
Nota general Resumen
650 #4 - ASIENTO SECUNDARIO DE MATERIA--TÉRMINO DE MATERIA
9 (RLIN) 28679
Término de materia o nombre geográfico como elemento inicial enfermedad
650 #4 - ASIENTO SECUNDARIO DE MATERIA--TÉRMINO DE MATERIA
9 (RLIN) 27039
Término de materia o nombre geográfico como elemento inicial seguro de enfermedad
650 #4 - ASIENTO SECUNDARIO DE MATERIA--TÉRMINO DE MATERIA
9 (RLIN) 30633
Término de materia o nombre geográfico como elemento inicial gastos sociales
650 #4 - ASIENTO SECUNDARIO DE MATERIA--TÉRMINO DE MATERIA
9 (RLIN) 30272
Término de materia o nombre geográfico como elemento inicial asistencia médica
650 #4 - ASIENTO SECUNDARIO DE MATERIA--TÉRMINO DE MATERIA
9 (RLIN) 28700
Término de materia o nombre geográfico como elemento inicial medicina
650 #4 - ASIENTO SECUNDARIO DE MATERIA--TÉRMINO DE MATERIA
9 (RLIN) 27251
Término de materia o nombre geográfico como elemento inicial historia
650 #4 - ASIENTO SECUNDARIO DE MATERIA--TÉRMINO DE MATERIA
9 (RLIN) 26943
Término de materia o nombre geográfico como elemento inicial Francia
653 10 - TÉRMINO DE INDEXACIÓN--NO CONTROLADO
Término no controlado Salud
773 0# - ENTRADA DE DOCUMENTO FUENTE
Itemnumber del ítem fuente 81503
Lugar, editor y fecha de publicación Paris (Rue de Varenne, 55, 75341, Cedex 07) Futuribles
Otro identificador del documento 084409
Título Futuribles
Número de control del registro relacionado (ES-MaCES)25335
Parte(s) relacionada(s) nº 400 (mai-juin 2014) {10324 R. 084409} ;p. 5-22
902 ## - CES. TIPO DE DOCUMENTO
Tipodoc (006$c Sirtex) ART Artículo de revista
942 ## - ELEMENTOS KOHA
Fuente de clasificaión o esquema Clasificación propia del CES
Koha [por defecto] tipo de item Artículos (1982-2017)
Parte de clasificación Salud

No hay ítems disponibles.

© CES, Consejo Económico y Social de España 2021